Kerana makanan berdarah (Raja Bersiung)

Bibliographic Details
Main Author: Amril Shah
Corporate Author: Title
Format: Book
Published: Selangor : Oscar Book International , 2005
Series:Siri legenda terkenal
Subjects:

MARC

LEADER 00000cam a2200000 7i4500
001 0000004256
005 20151222.0
008 070725
020 |a 9679416925(set) 
020 |a 9679416976 
090 0 0 |a JF   |b CT MAL (4217) 
100 0 |a Amril Shah 
245 1 0 |a Kerana makanan berdarah (Raja Bersiung)   |c Amril Shah 
260 |a Selangor :   |b Oscar Book International ,   |c 2005 
440 0 |a Siri legenda terkenal 
500 |a Children ages 7-9 years old (orange) 
650 0 |a Classic tales 
650 0 |a Junior fiction   |x Malay   |x Languages 
710 0 |a Title 
999 |a 0000975105   |b Book   |c Children Collection   |e Cawangan Segamat 
999 |a 0000975106   |b Book   |c Children Collection   |e Cawangan Tangkak 
999 |a 0000975107   |b Book   |c Children Collection   |e Perbadanan Perpustakaan Awam Johor 
999 |a 0000975108   |b Book   |c Children Collection   |e Perbadanan Perpustakaan Awam Johor 
999 |a 0000975109   |b Book   |c Children Collection   |e Cawangan Sri Merlong